| 000 | 00486cam a2200169ua 4500 | ||
|---|---|---|---|
| 041 |
_aeng _h |
||
| 082 |
_a828.09 _bWIL/SE |
||
| 100 | _aWilley, Basil . | ||
| 245 |
_aSeventeenth Century Background; Studies in the though of the age in Relation to poetry And religion / _cBasil Willey. _hTextual Documents |
||
| 250 |
_a1 / _b. |
||
| 260 |
_aLondon : _bChatto and windus , _c1962. |
||
| 300 | _a315 ; . | ||
| 504 | _a | ||
| 942 | _cBK | ||
| 999 |
_c3072 _d3072 |
||